000 00377nam a2200145Ia 4500
008 240624s9999 xx 000 0 und d
041 _aeng
082 _a658.5 RAS
100 _aRASTOGI P N
245 _aMANAGEMENT OF TECHNOLOGY AND INNOVATION
250 _a(2nd ed.)
260 _c2009
_aNew Delhi
_bResponse Books
300 _axv, : 368 : p. : cm. ; 21
365 _cRS
_b30
999 _c14761
_d14761